000 00594nam a22001937a 4500
005 20241216143241.0
008 241216b ||||| |||| 00| 0 eng d
040 _cAL
041 _aEnglish
082 _223
_a348.04
_bCHAA
100 _aJagjith Singh Chawla
_9191128
245 _aAll India Criminal Law Reporter: Vol 100 2013 (4)
260 _aChandigarh
_bAll India Criminal Law Reporter
_c2013
300 _a1007 p.
_bHB
_c24x16 cm.
365 _a1061
_b₹1723.00
_c
_d₹2360.29
_e27%
_f28-11-2024
440 _aVolume 100
_9191129
650 _aCriminal law
_9191130
942 _2ddc
_cBI
999 _c232953
_d232953